000 00382nam a2200109Ia 4500
008 160909s9999 xx 000 0 und d
100 _aAlmansour, Muath Khalid.
245 _aHow effective entrepreneurs bring success to their organization
260 _bPepperdine University.
_c2016
650 _aENTREPRENEURSHIP
856 _uhttp://pqdtopen.proquest.com/doc/1767790858.html?FMT=ABS
999 _c304399
_d304399